000 01197nam a22002537a 4500
003 OSt
005 20250904150203.0
008 240422b ||||| |||| 00| 0 eng d
040 _c0
082 _aDPer 621.317 Ie21 November 2022 v. 37 n. 11
100 _aMurillo-Yarce, Duberney.
_eauthor.
_956494
245 _aA general method to study multiple discontinuous conduction modes in DC–DC converters with one transistor and its application to the versatile buck–boost converter /
_cDuberney Murillo-Yarce, Carlos Restrepo, Diego G. Lamar, and Javier Sebastian.
260 _aNew York ;
_bThe Institute of Electrical and Electronics Engineers, Inc. ,
_cNovember 2022.
300 _aVolume 37, pages 13030-13046 :
_billustration ;
_c28 cm.
500 _aIEEE Transactions on Power Electronics, vol. 37, no. 11, pages 13030-13046, November 2022.
650 0 _aConduction modes study.
_967151
650 0 _aSemiconductor diodes.
_967145
650 0 _aTopology.
_965877
700 _aMurillo-Yarce, Duberney.
_eauthor.
_956494
700 _aRestrepo, Carlos.
_eauthor.
_956495
700 _aLamar, Diego G.
_eauthor.
_956496
700 _aSebastian, Javier.
_eauthor.
_956497
942 _2ddc
_cPER
999 _c20122
_d20122